000 00303nam a22001337a 4500
008 190306b xxu||||| |||| 00| 0 eng d
020 _a9780781733625
041 _aeng
080 _23rd
_a616.34
100 _a9
101 _aGAS
245 _aManual of Gastroenterology
_cAvunduk, C
942 _2udc
_cBK
999 _c54618
_d54618